[Event "Chigorin Memorial 25th"]
[Site "St Petersburg"]
[Date "2017.10.26"]
[Round "6"]
[White "Shilnikov, Igor S"]
[Black "Timofeev, Vsevolod"]
[Result "1-0"]
[WhiteElo "1762"]
[BlackElo "1479"]
[PlyCount "77"]
[EventDate "2017.10.21"]
[EventType "swiss"]
[EventRounds "9"]
[EventCountry "RUS"]
[SourceTitle "CBM 181 Extra"]
[Source "ChessBase"]
[SourceDate "2017.12.12"]
[SourceVersion "1"]
[SourceVersionDate "2017.12.12"]
[SourceQuality "1"]

1. d4 Nf6 2. Nf3 g6 3. c4 Bg7 4. Nc3 0-0 5. Bg5 c5 6. d5 h6 7. Bf4 g5 8. Bc1 d6 9. Qc2 Na6 10. a3 Nc7 11. e3 e6 12. e4 exd5 13. exd5 Re8+ 14. Be2 b5 15. 0-0 bxc4 16. Bxc4 Bb7 17. Rd1 g4 18. Nh4 Re5 19. Bf4 Rh5 20. Nf5 Nfe8 21. Nxg7 Kxg7 22. Qd2 Nf6 23. Qd3 Qd7 24. Qg3 Rd8 25. f3 Kh8 26. Ne4 Nce8 27. Nc3 Nc7 28. Ne4 Nce8 29. Qe1 gxf3 30. Ng3 f2+ 31. Qxf2 Rxh2 32. Be2 Rh4 33. Nf5 Rh1+ 34. Kxh1 Qxf5 35. Qh4 h5 36. Bg5 Qg6 37. Bd3 Qg7 38. Rf1 Bxd5 39. Rxf6 1-0

[Event "Chigorin Memorial 25th"]
[Site "St Petersburg"]
[Date "2017.10.21"]
[Round "1"]
[White "Oglaza, Oskar"]
[Black "Timofeev, Vsevolod"]
[Result "1-0"]
[WhiteElo "2182"]
[BlackElo "1479"]
[PlyCount "51"]
[EventDate "2017.10.21"]
[EventType "swiss"]
[EventRounds "9"]
[EventCountry "RUS"]
[SourceTitle "CBM 181 Extra"]
[Source "ChessBase"]
[SourceDate "2017.12.12"]
[SourceVersion "1"]
[SourceVersionDate "2017.12.12"]
[SourceQuality "1"]

1. e4 e5 2. Nf3 Nc6 3. d4 exd4 4. Nxd4 Bc5 5. Nb3 Bb6 6. Nc3 d6 7. Qe2 Be6 8. Be3 Bxe3 9. Qxe3 Nf6 10. 0-0-0 a6 11. f3 b5 12. g4 h6 13. h4 b4 14. Nd5 a5 15. Bb5 Bd7 16. e5 Nxd5 17. Rxd5 Nxe5 18. Rxe5+ dxe5 19. Qxe5+ Qe7 20. Bxd7+ Kxd7 21. Qd5+ Qd6 22. Nc5+ Ke7 23. Re1+ Qe6 24. Rxe6+ fxe6 25. Qxe6+ Kf8 26. Nd7# 1-0

[Event "Pardubice Czech op-D 28th"]
[Site "Pardubice"]
[Date "2017.07.25"]
[Round "5"]
[White "Timofeev, Vsevolod"]
[Black "Joukl, Jakub"]
[Result "0-1"]
[WhiteElo "1436"]
[BlackElo "1654"]
[PlyCount "36"]
[EventDate "2017.07.22"]
[EventType "swiss"]
[EventRounds "9"]
[EventCountry "CZE"]
[SourceTitle "CBM 179 Extra"]
[Source "ChessBase"]
[SourceDate "2017.08.23"]
[SourceVersion "1"]
[SourceVersionDate "2017.08.23"]
[SourceQuality "1"]

1. e4 c5 2. Nc3 d6 3. f4 Nf6 4. Bc4 Nc6 5. d3 g6 6. Nf3 Bg7 7. 0-0 0-0 8. Qe1 Na5 9. Bb3 Nxb3 10. cxb3 b6 11. a4 Ba6 12. Qe2 e6 13. Rd1 Qe7 14. Bd2 Rfd8 15. Qe3 Rac8 16. h3 Qc7 17. Rac1 d5 18. e5 d4 0-1

[Event "Pardubice Czech op-D 28th"]
[Site "Pardubice"]
[Date "2017.07.24"]
[Round "4"]
[White "Jankovsky, Zbynek"]
[Black "Timofeev, Vsevolod"]
[Result "1/2-1/2"]
[WhiteElo "1674"]
[BlackElo "1436"]
[PlyCount "56"]
[EventDate "2017.07.22"]
[EventType "swiss"]
[EventRounds "9"]
[EventCountry "CZE"]
[SourceTitle "CBM 179 Extra"]
[Source "ChessBase"]
[SourceDate "2017.08.23"]
[SourceVersion "1"]
[SourceVersionDate "2017.08.23"]
[SourceQuality "1"]

1. c4 e5 2. e4 Nf6 3. d3 Nc6 4. Nf3 Bc5 5. Bg5 h6 6. Bh4 d6 7. h3 Be6 8. Nbd2 Bb6 9. Nb3 g5 10. Bg3 Ne7 11. Be2 c5 12. Nh2 Nd7 13. Bg4 Bxg4 14. Nxg4 f5 15. exf5 Nxf5 16. Ne3 Ba5+ 17. Nd2 Nxe3 18. fxe3 Nf6 19. 0-0 Bxd2 20. Qxd2 0-0 21. Qe2 Qd7 22. Rf2 Rf7 23. Raf1 Raf8 24. Rf5 Kh7 25. d4 Ng8 26. a3 Ne7 27. e4 Nxf5 28. Rxf5 Kg7 1/2-1/2

[Event "Pardubice Czech op-D 28th"]
[Site "Pardubice"]
[Date "2017.07.24"]
[Round "3"]
[White "Timofeev, Vsevolod"]
[Black "Pfeifhofer, Helmut"]
[Result "1-0"]
[WhiteElo "1436"]
[BlackElo "1628"]
[PlyCount "99"]
[EventDate "2017.07.22"]
[EventType "swiss"]
[EventRounds "9"]
[EventCountry "CZE"]
[SourceTitle "CBM 179 Extra"]
[Source "ChessBase"]
[SourceDate "2017.08.23"]
[SourceVersion "1"]
[SourceVersionDate "2017.08.23"]
[SourceQuality "1"]

1. e4 Nf6 2. e5 Nd5 3. c4 Nb6 4. d4 d6 5. exd6 exd6 6. Nc3 Be7 7. Be3 Bf5 8. Nf3 Nc6 9. d5 Ne5 10. Nxe5 dxe5 11. c5 Nd7 12. c6 Nc5 13. Bb5 b6 14. 0-0 a6 15. Bc4 b5 16. Be2 b4 17. Bxc5 Bxc5 18. Na4 Bd4 19. Bf3 Qf6 20. Re1 0-0 21. Qd2 Rab8 22. Rac1 Rb5 23. Rc4 a5 24. Rec1 Rfb8 25. Nc5 Bxc5 26. Rxc5 Qd6 27. Rxb5 Rxb5 28. Qg5 Bg6 29. Re1 f5 30. Qg3 Rc5 31. h3 e4 32. Qxd6 cxd6 33. Bd1 Bf7 34. Bb3 Kf8 35. a3 bxa3 36. bxa3 a4 37. Ba2 Rc3 38. Rb1 Rc2 39. Rb8+ Be8 40. Bb1 Rc1+ 41. Kh2 g5 42. g4 Ke7 43. gxf5 Bh5 44. Rb7+ Kf6 45. Bxe4 Ke5 46. f3 Kf4 47. f6 Rf1 48. f7 Rf2+ 49. Kg1 Kg3 50. f8Q 1-0

[Event "Chigorin Memorial 24th"]
[Site "St Petersburg"]
[Date "2016.10.22"]
[Round "8"]
[White "Lantseva, Aleksandra"]
[Black "Timofeev, Vsevolod"]
[Result "1-0"]
[WhiteElo "1359"]
[BlackElo "1301"]
[PlyCount "71"]
[EventDate "2016.10.15"]
[EventType "swiss"]
[EventRounds "9"]
[EventCountry "RUS"]
[SourceTitle "CBM 175 Extra"]
[Source "ChessBase"]
[SourceDate "2016.12.12"]
[SourceVersion "1"]
[SourceVersionDate "2016.12.12"]
[SourceQuality "1"]

1. e4 e5 2. Nf3 Nc6 3. d4 exd4 4. Bc4 Nf6 5. e5 d5 6. Bb5 Nd7 7. 0-0 Bc5 8. Bxc6 bxc6 9. Nxd4 0-0 10. Nxc6 Qh4 11. Qxd5 Ba6 12. Rd1 Qxf2+ 13. Kh1 Nb6 14. Qd2 Qh4 15. Qg5 Qa4 16. Ne7+ Kh8 17. Nf5 Rg8 18. b3 Qe4 19. Bb2 Qxc2 20. Rd2 Qe4 21. Nc3 Qc6 22. Nd1 Qb5 23. Nf2 Qb4 24. e6 f6 25. Bxf6 Bf8 26. Nh6 Qe7 27. Bxe7 g6 28. Nxg8 Kxg8 29. Bxf8 Kxf8 30. Rd8+ Rxd8 31. Qxd8+ Kg7 32. Ng4 Nd5 33. Qd7+ Kh8 34. Qe8+ Kg7 35. Qf7+ Kh8 36. Qf8# 1-0

[Event "Chigorin Memorial 24th"]
[Site "St Petersburg"]
[Date "2016.10.20"]
[Round "6"]
[White "Timofeev, Vsevolod"]
[Black "Kudin, Alexander"]
[Result "0-1"]
[WhiteElo "1301"]
[BlackElo "1313"]
[PlyCount "58"]
[EventDate "2016.10.15"]
[EventType "swiss"]
[EventRounds "9"]
[EventCountry "RUS"]
[SourceTitle "CBM 175 Extra"]
[Source "ChessBase"]
[SourceDate "2016.12.12"]
[SourceVersion "1"]
[SourceVersionDate "2016.12.12"]
[SourceQuality "1"]

1. d4 d5 2. c4 c6 3. Nc3 Nf6 4. Nf3 e6 5. Qc2 Bb4 6. Bd2 Bxc3 7. Bxc3 0-0 8. e3 Ne4 9. Bd3 f5 10. Ne5 Nd7 11. f3 Qh4+ 12. Kf1 Ng3+ 13. Kg1 Nxh1 14. Kxh1 Nxe5 15. dxe5 dxc4 16. g3 cxd3 17. Qxd3 Qd8 18. Qc4 Qd5 19. Qe2 Qb5 20. Qd2 c5 21. a4 Qc6 22. b4 Qxf3+ 23. Kg1 Qc6 24. b5 Qd7 25. Qc2 Qf7 26. Rf1 Qg6 27. Bb2 b6 28. Rf4 Bb7 29. a5 Rfd8 0-1

[Event "Chigorin Memorial 24th"]
[Site "St Petersburg"]
[Date "2016.10.19"]
[Round "5"]
[White "Serov, Aleksandr"]
[Black "Timofeev, Vsevolod"]
[Result "1-0"]
[WhiteElo "1505"]
[BlackElo "1301"]
[PlyCount "51"]
[EventDate "2016.10.15"]
[EventType "swiss"]
[EventRounds "9"]
[EventCountry "RUS"]
[SourceTitle "CBM 175 Extra"]
[Source "ChessBase"]
[SourceDate "2016.12.12"]
[SourceVersion "1"]
[SourceVersionDate "2016.12.12"]
[SourceQuality "1"]

1. d4 d5 2. c4 e6 3. Nc3 Nf6 4. cxd5 Nxd5 5. e4 Nb6 6. Nf3 Nc6 7. Bb5 Bd7 8. Be3 a6 9. Bxc6 Bxc6 10. Ne5 Bb4 11. Nxc6 bxc6 12. 0-0 0-0 13. Rc1 Nc8 14. e5 Ne7 15. Ne4 Rb8 16. Bg5 Qd5 17. Qg4 Ng6 18. h4 Qxd4 19. Nf6+ gxf6 20. Qxd4 c5 21. Qe3 fxg5 22. Qxg5 Rbd8 23. Rcd1 Rd5 24. Rxd5 exd5 25. h5 h6 26. Qg4 1-0

[Event "Chigorin Memorial 24th"]
[Site "St Petersburg"]
[Date "2016.10.16"]
[Round "2"]
[White "Timofeev, Vsevolod"]
[Black "Schetchikov, Vladimir Mikhailo"]
[Result "0-1"]
[WhiteElo "1301"]
[BlackElo "1967"]
[PlyCount "88"]
[EventDate "2016.10.15"]
[EventType "swiss"]
[EventRounds "9"]
[EventCountry "RUS"]
[SourceTitle "CBM 175 Extra"]
[Source "ChessBase"]
[SourceDate "2016.12.12"]
[SourceVersion "1"]
[SourceVersionDate "2016.12.12"]
[SourceQuality "1"]

1. e4 g6 2. d4 d6 3. Bf4 Bg7 4. Nf3 Bg4 5. Bc4 e6 6. c3 Nd7 7. Nbd2 Ne7 8. Qb3 Nb6 9. h3 Bxf3 10. Nxf3 Nxc4 11. Qxc4 0-0 12. 0-0 Qd7 13. Rfe1 b5 14. Qb3 a5 15. Rac1 Rfb8 16. c4 a4 17. Qa3 b4 18. Qd3 Rd8 19. Red1 Nc6 20. Qc2 Na5 21. b3 Qc6 22. d5 Qe8 23. dxe6 fxe6 24. e5 axb3 25. axb3 Nb7 26. exd6 cxd6 27. Qe4 Nc5 28. Qc2 Ra6 29. Re1 Rda8 30. Rcd1 e5 31. Qd2 Qc6 32. Be3 e4 33. Bxc5 dxc5 34. Nh2 Bc3 35. Qc2 Bxe1 36. Rxe1 Ra1 37. Rxa1 Rxa1+ 38. Nf1 Qe6 39. Qd2 Qe5 40. Qd8+ Kg7 41. Qd7+ Kh6 42. Qf7 Qd6 43. Qe8 Rxf1+ 44. Kxf1 Qd1# 0-1